La poesia italiana del novecento: da gozzano agli ermetici
Gorde:
| Egile nagusia: | |
|---|---|
| Formatua: | Liburua |
| Hizkuntza: | italiera |
| Argitaratua: |
Turín
Giulio Einaudi
1965
|
| Saila: | Piccola Biblioteca Einaudi
|
| Gaiak: | |
| Etiketak: |
Etiketa erantsi
Etiketarik gabe, Izan zaitez lehena erregistro honi etiketa jartzen!
|
MARC
| LEADER | 00000nam a2200000 a 4500 | ||
|---|---|---|---|
| 001 | UCY8751 | ||
| 003 | CL-VaPUC | ||
| 008 | 950707e19650000IT |||||||||||||||||ita|d | ||
| 082 | 0 | 4 | |a 851.09 |b POZ |2 21 |
| 100 | 0 | |a Pozzi, Gianni |e author |9 340427 | |
| 245 | 1 | 3 | |a La poesia italiana del novecento: da gozzano agli ermetici |
| 300 | |a 397 p | ||
| 942 | |c BK | ||
| 945 | |d 19950707 00:00:00 |a rbrito | ||
| 260 | |a Turín |b Giulio Einaudi |c 1965 | ||
| 650 | 7 | |a POESIA ITALIANA |2 CL-VaPUC |9 336930 | |
| 650 | 7 | |a LITERATURA ITALIANA SIGLO 19 |2 CL-VaPUC |9 340428 | |
| 650 | 0 | |a Crítica literaria |9 269189 | |
| 583 | |a last modification |c 20160826 03:23:05 |k Rodrigo Vera | ||
| 490 | 0 | |a Piccola Biblioteca Einaudi | |
| 999 | |c 235964 |d 235962 | ||
| 952 | |0 0 |1 0 |4 0 |6 851_090000000000000_POZ_1965 |7 0 |8 A |9 243737 |a BIBART |b BIBART |d 2019-11-18 |i 3098559 |o 851.09 POZ 1965 |p 3098559 |r 2025-03-13 |w 2019-11-18 |y BK |k ART | ||